000 00325nam a22001337a 4500
008 170815b xxu||||| |||| 00| 0 eng d
020 _a9780201347302
041 _aeng
080 _27 ED
_a51
100 _a36
101 _aMAT
245 _aMATHEMATICS FOR ELEMENTARY SCHOOL TEACHER
_cLIBESKIND.B
942 _2udc
_cBK
999 _c23525
_d23525